Exports, Trade Policy and Economic Growth in Eras of Globalization (Record no. 23155)
[ view plain ]
| 000 -LEADER | |
|---|---|
| fixed length control field | 01414nam a22001697a 4500 |
| 020 ## - INTERNATIONAL STANDARD BOOK NUMBER | |
| ISBN | 9780415372190 |
| 082 ## - DEWEY DECIMAL CLASSIFICATION NUMBER | |
| Classification number | 340.1 |
| Item number | EDW- |
| 100 ## - MAIN ENTRY--AUTHOR NAME | |
| Personal name | Feasel, Edward M |
| 245 ## - TITLE STATEMENT | |
| Title | Exports, Trade Policy and Economic Growth in Eras of Globalization |
| 260 ## - PUBLICATION, DISTRIBUTION, ETC. (IMPRINT) | |
| Place of publication | London |
| Name of publisher | Routledge |
| Year of publication | 2018 |
| 300 ## - PHYSICAL DESCRIPTION | |
| Number of Pages | xiv, 227p |
| 440 ## - SERIES STATEMENT/ADDED ENTRY--TITLE | |
| Title | Routledge studies in the modern world economy |
| 504 ## - BIBLIOGRAPHY, ETC. NOTE | |
| Bibliography, etc | Includes bibliography and index |
| 520 ## - SUMMARY, ETC. | |
| Summary, etc | This book provides an excellent resource for understanding the forces in international trade liberalization over two centuries that have brought us to this point, where the successes, setbacks and the countervailing forces now vie for the public's mind and support: the outcome of which will determine the future progress of increased globalization or lack thereof. The book also examines whether trade policy has indeed promoted exports in the vast number of countries which increasingly look to trade agreements to gain a competitive edge, and to what extent export-driven growth has been an important force in advancing economic development around the world. In doing so, the book examines one of the most controversial issues in economic development: the promotion and significance of export-led growth. |
| 650 ## - SUBJECT ADDED ENTRY--TOPICAL TERM | |
| Topical Term | Law--Economic aspects |
| Form subdivision | Commercial policy |
| -- | Development economics |
| -- | Globalization--Economic aspects |
| -- | Development economics |
| -- | Economic history |
| Geographic subdivision | Asia |
| 942 ## - ADDED ENTRY ELEMENTS (KOHA) | |
| Koha item type | Books |
| Source of classification or shelving scheme | Dewey Decimal Classification |
| Withdrawn status | Lost status | Damaged status | Not for loan | Home library | Current library | Date acquired | Source of acquisition | Bill Date | Full call number | Accession Number | Price effective from | Koha item type |
|---|---|---|---|---|---|---|---|---|---|---|---|---|
| NASSDOC Library | NASSDOC Library | 09/05/2019 | OP | 2019-03-25 | 340.1 EDW- | 50393 | 09/05/2019 | Books |
